00712 2200253 4500001002100000005001700021008004100038020002200079035002500101040001200126082001300138084001900151090001900170100001600189245009100205250000900296260003900305300004000344650000800384850001200392990001800404990001800422990001800440INLIS00000000000272420150915120757.0  a978-0-8048-4368-3 a0010-031500000000198 aYOPDYOG a641.8653 a641.8653 Eil C a641.8653 Eil C aEILERT, Amy aCupcake envy :birresistible cakelets-little cakes that are fun and easyc/ Amy Eilert aEd.1 aSingaporebTuttle Publishingc2015 a119 hlm.b: ilus. ;c20 cm [3 eks.] aKue aYOPDYOG a10486-PD/B.15 a10487-PD/B.15 a10488-PD/B.15